000 01344nam a2200253Ia 4500
999 _c5003
_d5003
003 OSt
005 20200422103553.0
008 191128s2013 ck gr 000 0dspa d
020 _a9789588713335
040 _aCO-JMCR
_cCO-JMCR
041 0 _aspa
082 0 4 _a303.64 /
_bR396e
100 1 _aRizo Otero, Harold José,
_eautor
_93362
245 1 0 _aEvolución del conflicto armado en Colombia e Iberoamérica tomo I :
_bHechos de paz durante el segundo mandato del Presidente álvaro Uribe Vélez /
_cRizo Otero Harold José Ph. D.
260 _aCali :
_bUniversidad Autónoma de Occidente,
_c2013
300 _a435 páginas ;
_c24 cm.
504 _aBibliografía: páginas 431-435.
505 _aLa cultura de la violencia política en Colombia: las guerras civiles del siglo XIX -- El conflicto de la zona bananera del Magdalena -- La voilencia Liberal-Conservadora (1946-1953) -- El partido comunista de Colombia y su influencia en el conflixto armad
520 _aEste libro enmarca nuestro conflicto interno en el contexto de la problemática mundial, especialmente en la confrontación Oriente-Occidente, que para la mayoría de los pueblos del mundo es cosa del pasado.
650 1 4 _aConflicto armado
_zColombia
_93366
650 2 4 _aGuerrilas
_zColombia
_93367
650 2 4 _a Violencia política
_zColombia
_93368
942 _2ddc
_cBK